[Event "Davos Summer op"]
[Site "Davos"]
[Date "2021.08.06"]
[Round "3"]
[White "Siems, Keanu"]
[Black "Reust, Erika"]
[Result "1/2-1/2"]
[WhiteElo "1535"]
[BlackElo "1738"]
[PlyCount "89"]
[EventDate "2021.08.05"]
[EventType "swiss"]
[EventRounds "5"]
[EventCountry "SUI"]
[SourceTitle "EXT 2022"]
[Source "ChessBase"]
[SourceDate "2021.10.06"]
[SourceVersion "1"]
[SourceVersionDate "2021.10.06"]
[SourceQuality "1"]

1. b3 e5 2. Bb2 d6 3. e3 Nc6 4. Bb5 Bd7 5. Ne2 f5 6. d4 Nf6 7. dxe5 Nxe5 8. Bxd7+ Qxd7 9. Bxe5 dxe5 10. Qxd7+ Nxd7 11. Nd2 g6 12. 0-0 0-0-0 13. Rad1 Bg7 14. Nc4 Nc5 15. f3 Rhe8 16. a4 a6 17. Kf2 Ne6 18. Rfe1 e4 19. fxe4 Rxd1 20. Rxd1 fxe4 21. Ng3 Nc5 22. Rd5 Nd7 23. h3 Nf6 24. Rd1 Re6 25. Ke2 b6 26. Rf1 Kb7 27. Nd2 Bh6 28. c4 c5 29. Rd1 Kc6 30. Nb1 Rd6 31. Nc3 Re6 32. Nd5 Bg5 33. Nxf6 Bxf6 34. Rd5 Bh4 35. Nf1 h5 36. Nd2 Bf6 37. Nf1 Rd6 38. Rxd6+ Kxd6 39. Nd2 Ke5 40. Nf1 Bh4 41. Nd2 Kf5 42. Nf1 Ke5 43. Nd2 Be7 44. Nf1 Bh4 45. Nd2 1/2-1/2